[Event "Bundesliga 9798"]
[Site "Deutschland"]
[Date "1997.??.??"]
[Round "?.3"]
[White "Kuczynski, Robert"]
[Black "Gabriel, Christian"]
[Result "1/2-1/2"]
[WhiteElo "2495"]
[BlackElo "2575"]
[PlyCount "59"]
[EventDate "1997.10.??"]
[EventType "team"]
[EventRounds "15"]
[EventCountry "GER"]
[SourceTitle "Bundesliga 9798"]
[Source "DeepChess"]
[SourceDate "2005.01.01"]
[SourceVersion "1"]
[SourceVersionDate "2005.01.01"]
[SourceQuality "1"]
[WhiteTeam "SV Erfurt West 90"]
[BlackTeam "SG 1868 Aljech. Solingen"]
[WhiteTeamCountry "GER"]
[BlackTeamCountry "GER"]

1. e4 e5 2. Nf3 Nc6 3. Bb5 a6 4. Ba4 Nf6 5. O-O Be7 6. Re1 b5 7. Bb3 d6 8. c3
O-O 9. d3 Na5 10. Bc2 c5 11. Nbd2 Re8 12. Nf1 h6 13. Ng3 Bf8 14. h3 g6 15. Nh2
Be6 16. f4 exf4 17. Bxf4 Bg7 18. Qd2 Kh7 19. Qf2 Rc8 20. Rf1 Nc6 21. a3 d5 22.
Nf3 Nd7 23. exd5 Bxd5 24. Ne4 Bxe4 25. dxe4 Nce5 26. Nxe5 Bxe5 27. Rad1 Qe7 28.
Qd2 Bxf4 29. Qxd7 Rc7 30. Qxe7 1/2-1/2

[Event "Bundesliga 9798"]
[Site "Deutschland"]
[Date "1997.??.??"]
[Round "?.5"]
[White "Renner, Christoph"]
[Black "Bischoff, Klaus"]
[Result "1-0"]
[WhiteElo "2415"]
[BlackElo "2535"]
[PlyCount "97"]
[EventDate "1997.10.??"]
[EventType "team"]
[EventRounds "15"]
[EventCountry "GER"]
[SourceTitle "Bundesliga 9798"]
[Source "DeepChess"]
[SourceDate "2005.01.01"]
[SourceVersion "1"]
[SourceVersionDate "2005.01.01"]
[SourceQuality "1"]
[WhiteTeam "SV Erfurt West 90"]
[BlackTeam "SG 1868 Aljech. Solingen"]
[WhiteTeamCountry "GER"]
[BlackTeamCountry "GER"]

1. e4 e6 2. d3 d5 3. Nd2 Nf6 4. Ngf3 Be7 5. g3 dxe4 6. dxe4 b6 7. Bg2 Bb7 8. e5
Nfd7 9. O-O a5 10. Qe2 Nc6 11. Rd1 Qb8 12. Ne4 h6 13. h4 Qa7 14. Nc3 O-O-O 15.
h5 Qa8 16. Bf4 Nc5 17. a3 Rxd1+ 18. Rxd1 Rd8 19. Nb5 Rxd1+ 20. Qxd1 Na7 21.
Nxa7+ Qxa7 22. Bf1 Ba8 23. Ne1 Qb7 24. Bg2 Qa6 25. Qg4 Bf8 26. Bf1 Qb7 27. Bg2
Qa6 28. Be3 Nd7 29. Qf4 Bxg2 30. Nxg2 f6 31. exf6 Nxf6 32. Qe5 Qc4 33. Nf4 Qxc2
34. Qxe6+ Kb7 35. Qf7 Bd6 36. Qxg7 Bxf4 37. Bxf4 Nxh5 38. Qxh6 Nxf4 39. Qxf4
Qxb2 40. Qf3+ Kb8 41. g4 b5 42. Kg2 b4 43. axb4 axb4 44. g5 Qb1 45. Qg4 Qb3 46.
g6 Qd5+ 47. Kg1 Ka7 48. g7 Qg8 49. Qd4+ 1-0

[Event "Bundesliga 9798"]
[Site "Deutschland"]
[Date "1997.??.??"]
[Round "?.7"]
[White "Foetsch, Daniel"]
[Black "Norwood, David"]
[Result "0-1"]
[WhiteElo "2170"]
[BlackElo "2515"]
[PlyCount "100"]
[EventDate "1997.10.??"]
[EventType "team"]
[EventRounds "15"]
[EventCountry "GER"]
[SourceTitle "Bundesliga 9798"]
[Source "DeepChess"]
[SourceDate "2005.01.01"]
[SourceVersion "1"]
[SourceVersionDate "2005.01.01"]
[SourceQuality "1"]
[WhiteTeam "SV Erfurt West 90"]
[BlackTeam "SG 1868 Aljech. Solingen"]
[WhiteTeamCountry "GER"]
[BlackTeamCountry "GER"]

1. e4 g6 2. d4 Bg7 3. Nc3 c6 4. Be3 d6 5. f4 Qb6 6. Rb1 e5 7. b4 exf4 8. Na4
Qd8 9. Bxf4 Nf6 10. Bd3 O-O 11. Ne2 Nh5 12. Be3 Qh4+ 13. Bf2 Qg5 14. O-O Bh3
15. Ng3 Nxg3 16. hxg3 Be6 17. c4 Nd7 18. c5 b5 19. cxb6 axb6 20. Qc2 b5 21. Nc3
Nf6 22. Qc1 Qh5 23. Be2 Bg4 24. Bd3 Be6 25. Be2 Ng4 26. Bxg4 Qxg4 27. Qf4 Rfd8
28. Rfc1 Qh5 29. Be3 f5 30. Rb2 Rd7 31. Rd2 Re8 32. Qg5 Qxg5 33. Bxg5 h6 34. d5
cxd5 35. exd5 Bf7 36. Bf4 g5 37. Bxd6 Bxc3 38. Rxc3 Rxd6 39. Rc5 Red8 40. Rxb5
Rxd5 41. Rdxd5 Bxd5 42. a4 Be4 43. a5 Rd2 44. Rb8+ Kg7 45. a6 Rxg2+ 46. Kf1
Rxg3 47. b5 Ra3 48. Kg1 g4 49. Rb7+ Kf6 50. Rh7 g3 0-1

[Event "Bundesliga 9798"]
[Site "Deutschland"]
[Date "1997.??.??"]
[Round "?.8"]
[White "Schaefer, Markus"]
[Black "Voekler, Bernd"]
[Result "0-1"]
[WhiteElo "2420"]
[BlackElo "2395"]
[PlyCount "78"]
[EventDate "1997.10.??"]
[EventType "team"]
[EventRounds "15"]
[EventCountry "GER"]
[SourceTitle "Bundesliga 9798"]
[Source "DeepChess"]
[SourceDate "2005.01.01"]
[SourceVersion "1"]
[SourceVersionDate "2005.01.01"]
[SourceQuality "1"]
[WhiteTeam "SG 1868 Aljech. Solingen"]
[BlackTeam "SV Erfurt West 90"]
[WhiteTeamCountry "GER"]
[BlackTeamCountry "GER"]

1. e4 c5 2. Nf3 d6 3. d4 cxd4 4. Nxd4 Nf6 5. Nc3 a6 6. Bd3 e5 7. Nde2 Be7 8.
O-O O-O 9. f4 Nbd7 10. Kh1 Nc5 11. Be3 Qc7 12. Ng3 Bg4 13. Qd2 Rad8 14. f5 b5
15. a3 h5 16. Bg5 d5 17. exd5 Nxd5 18. Nxd5 Bxg5 19. Qxg5 Rxd5 20. Nxh5 Bxh5
21. Qxh5 e4 22. Be2 Qe5 23. Qh4 Rd2 24. f6 Ne6 25. Rae1 Re8 26. fxg7 Nxg7 27.
Rf6 Re6 28. Rxe6 Qxe6 29. Qg5 Rxc2 30. Bd3 exd3 31. Rxe6 fxe6 32. Qd8+ Kf7 33.
Qd7+ Kf6 34. Qd8+ Ke5 35. h4 d2 36. Kh2 Nf5 37. Qd3 Rxb2 38. h5 Ra2 39. Qb3 Nd4
$138 0-1

[Event "Bundesliga 9798"]
[Site "Deutschland"]
[Date "1998.??.??"]
[Round "?.2"]
[White "Kupreichik, Viktor D"]
[Black "Piket, Jeroen"]
[Result "0-1"]
[WhiteElo "2500"]
[BlackElo "2630"]
[PlyCount "74"]
[EventDate "1997.10.??"]
[EventType "team"]
[EventRounds "15"]
[EventCountry "GER"]
[SourceTitle "Bundesliga 9798"]
[Source "DeepChess"]
[SourceDate "2005.01.01"]
[SourceVersion "1"]
[SourceVersionDate "2005.01.01"]
[SourceQuality "1"]
[WhiteTeam "SVG Plettenberg"]
[BlackTeam "SG 1868 Aljech. Solingen"]
[WhiteTeamCountry "GER"]
[BlackTeamCountry "GER"]

1. e4 e5 2. Nf3 Nc6 3. Bb5 a6 4. Ba4 Nf6 5. O-O Be7 6. Re1 b5 7. Bb3 d6 8. a4
Bg4 9. c3 O-O 10. d3 Na5 11. Ba2 b4 12. Nbd2 Rb8 13. d4 c5 14. Qe2 bxc3 15.
bxc3 cxd4 16. cxd4 Nc6 17. Qe3 Nd7 18. Ba3 Nb4 19. Bb3 a5 20. Rac1 Bf6 21. h3
Bxf3 22. Nxf3 exd4 23. Nxd4 Nc5 24. Bd5 Nxd5 25. exd5 Bxd4 26. Qxd4 Nb3 27. Qf4
Nxc1 28. Rxc1 Re8 29. Bxd6 Rb7 30. h4 h6 31. h5 Qd7 32. Kh2 f5 33. f3 Qf7 34.
Bc7 Qxd5 35. Bd6 Qf7 36. Qh4 Rd7 37. Bf4 Rd4 0-1

[Event "Bundesliga 9798"]
[Site "Deutschland"]
[Date "1998.??.??"]
[Round "?.3"]
[White "Gabriel, Christian"]
[Black "Baumegger, Siegfried"]
[Result "1-0"]
[WhiteElo "2575"]
[BlackElo "2485"]
[PlyCount "58"]
[EventDate "1997.10.??"]
[EventType "team"]
[EventRounds "15"]
[EventCountry "GER"]
[SourceTitle "Bundesliga 9798"]
[Source "DeepChess"]
[SourceDate "2005.01.01"]
[SourceVersion "1"]
[SourceVersionDate "2005.01.01"]
[SourceQuality "1"]
[WhiteTeam "SG 1868 Aljech. Solingen"]
[BlackTeam "SVG Plettenberg"]
[WhiteTeamCountry "GER"]
[BlackTeamCountry "GER"]

1. d4 Nf6 2. c4 e6 3. Nf3 b6 4. a3 Bb7 5. Nc3 d5 6. Bg5 Be7 7. Qa4+ Bc6 8. Qc2
dxc4 9. e4 b5 10. Rd1 a6 11. Be2 Nbd7 12. d5 exd5 13. e5 Bb7 14. exf6 Nxf6 15.
Nd4 h6 16. Bh4 c5 17. Nf5 d4 18. Nxg7+ Kf8 19. Nf5 Rg8 20. Qc1 Rg6 21. Bh5 Nxh5
22. Bxe7+ Qxe7+ 23. Nxe7 Re8 24. f3 Rxe7+ 25. Kf2 dxc3 26. Rd8+ Kg7 27. Qxc3+
Rf6 28. Re1 Rxe1 29. Kxe1 Nf4 1-0

[Event "Bundesliga 9798"]
[Site "Deutschland"]
[Date "1998.??.??"]
[Round "?.4"]
[White "Luecke, Norbert"]
[Black "Huebner, Robert"]
[Result "1-0"]
[WhiteElo "2375"]
[BlackElo "2580"]
[PlyCount "80"]
[EventDate "1997.10.??"]
[EventType "team"]
[EventRounds "15"]
[EventCountry "GER"]
[SourceTitle "Bundesliga 9798"]
[Source "DeepChess"]
[SourceDate "2005.01.01"]
[SourceVersion "1"]
[SourceVersionDate "2005.01.01"]
[SourceQuality "1"]
[WhiteTeam "SVG Plettenberg"]
[BlackTeam "SG 1868 Aljech. Solingen"]
[WhiteTeamCountry "GER"]
[BlackTeamCountry "GER"]

1. Nf3 Nf6 2. g3 d5 3. Bg2 c6 4. O-O Bg4 5. d4 e6 6. Nbd2 Be7 7. Re1 O-O 8. e4
a5 9. a4 c5 10. exd5 Nxd5 11. Nc4 Nc6 12. dxc5 Bxc5 13. c3 Qc7 14. Qb3 Rad8 15.
Bg5 Nce7 16. Ne3 Nxe3 17. Bxe3 Bxe3 18. Rxe3 b6 19. Re4 Bxf3 20. Bxf3 Rd3 21.
Bg2 Rfd8 22. Rae1 h6 23. Bh3 Ng6 24. Bf1 Rd2 25. R4e2 R2d6 26. Qb5 Rd5 27. Qb3
Qc5 28. Qc2 Nf8 29. Bg2 R5d6 30. Bf3 Nd7 31. Re3 Nf6 32. Rd1 Qf5 33. Rxd6 Qxc2
34. Rxd8+ Kh7 35. Rf8 Qg6 36. Be2 Qb1+ 37. Kg2 Qxb2 38. Bd3+ Ne4 39. Rxe4 Qxc3
40. Re3+ f5 1-0

[Event "Bundesliga 9798"]
[Site "Deutschland"]
[Date "1998.??.??"]
[Round "?.6"]
[White "Luethgens, Eike"]
[Black "Bischoff, Klaus"]
[Result "0-1"]
[WhiteElo "2305"]
[BlackElo "2535"]
[PlyCount "69"]
[EventDate "1997.10.??"]
[EventType "team"]
[EventRounds "15"]
[EventCountry "GER"]
[SourceTitle "Bundesliga 9798"]
[Source "DeepChess"]
[SourceDate "2005.01.01"]
[SourceVersion "1"]
[SourceVersionDate "2005.01.01"]
[SourceQuality "1"]
[WhiteTeam "SVG Plettenberg"]
[BlackTeam "SG 1868 Aljech. Solingen"]
[WhiteTeamCountry "GER"]
[BlackTeamCountry "GER"]

1. e4 c5 2. Nc3 e6 3. g3 a6 4. a4 Nc6 5. Bg2 g6 6. f4 d6 7. Nf3 Bg7 8. O-O Nge7
9. d3 O-O 10. Be3 Nd4 11. h3 Bd7 12. Qd2 Nec6 13. Ne1 Qa5 14. Kh2 Rac8 15. g4
f5 16. gxf5 gxf5 17. Rg1 Kh8 18. Qf2 fxe4 19. Nxe4 Nf5 20. Bd2 Qc7 21. Nf3 Ncd4
22. Nxd4 cxd4 23. c4 Ne3 24. Ng3 e5 25. Nh5 Bh6 26. Be4 Bf5 27. Bxe3 dxe3 28.
Qxe3 Qf7 29. Bxf5 Qxh5 30. Bg4 Qh4 31. Qe2 Bxf4+ 32. Kg2 Rg8 33. Qf2 Qh6 34.
Kf3 Rcf8 35. Ke2 0-1

[Event "Bundesliga 9798"]
[Site "Deutschland"]
[Date "1998.??.??"]
[Round "?.7"]
[White "Podzielny, Karl Heinz"]
[Black "Oswald, Hans Joachim"]
[Result "1-0"]
[WhiteElo "2490"]
[BlackElo "2330"]
[PlyCount "77"]
[EventDate "1997.10.??"]
[EventType "team"]
[EventRounds "15"]
[EventCountry "GER"]
[SourceTitle "Bundesliga 9798"]
[Source "DeepChess"]
[SourceDate "2005.01.01"]
[SourceVersion "1"]
[SourceVersionDate "2005.01.01"]
[SourceQuality "1"]
[WhiteTeam "SG 1868 Aljech. Solingen"]
[BlackTeam "SVG Plettenberg"]
[WhiteTeamCountry "GER"]
[BlackTeamCountry "GER"]

1. d4 Nf6 2. Nf3 g6 3. c4 Bg7 4. Nc3 O-O 5. e4 d6 6. Be2 e5 7. O-O exd4 8. Nxd4
Re8 9. f3 Nc6 10. Nc2 Ne5 11. Kh1 c6 12. Be3 Be6 13. b3 Qa5 14. Bd2 Bc8 15. c5
dxc5 16. f4 Ned7 17. e5 Nh5 18. Ne4 Qc7 19. Bxh5 gxh5 20. Qxh5 Nf8 21. Bc3 Qd7
22. Ne3 Qd3 23. Qf3 f5 24. Nd6 Rd8 25. Rad1 Qxc3 26. Nexf5 Rxd6 27. Ne7+ Kf7
28. Qxc3 Rxd1 29. Rxd1 Kxe7 30. Qg3 Ng6 31. Qg5+ Kf7 32. Rd8 h6 33. Qg3 Ne7 34.
e6+ Kf6 35. Qc3+ Kg6 36. Qd3+ Kf6 37. Qd6 Nf5 38. Qc7 Ne7 39. Re8 1-0

[Event "Bundesliga 9798"]
[Site "Deutschland"]
[Date "1997.??.??"]
[Round "?.1"]
[White "Adams, Michael"]
[Black "Womacka, Mathias"]
[Result "1-0"]
[WhiteElo "2680"]
[BlackElo "2475"]
[PlyCount "97"]
[EventDate "1997.10.??"]
[EventType "team"]
[EventRounds "15"]
[EventCountry "GER"]
[SourceTitle "Bundesliga 9798"]
[Source "DeepChess"]
[SourceDate "2005.01.01"]
[SourceVersion "1"]
[SourceVersionDate "2005.01.01"]
[SourceQuality "1"]
[WhiteTeam "SG 1868 Aljech. Solingen"]
[BlackTeam "USG Chemnitz"]
[WhiteTeamCountry "GER"]
[BlackTeamCountry "GER"]

1. e4 c5 2. Nc3 Nc6 3. Nf3 e5 4. Bc4 Be7 5. d3 d6 6. Nd2 Nf6 7. Nf1 Bg4 8. f3
Be6 9. Ne3 O-O 10. O-O a6 11. a3 b5 12. Ba2 Bxa2 13. Rxa2 Qd7 14. Ra1 Bd8 15.
f4 exf4 16. Rxf4 Nd4 17. Rf2 Rb8 18. Bd2 Ne6 19. Kh1 Nc7 20. Qf3 Nfe8 21. Ne2
Bf6 22. c3 g6 23. Ng4 Bg7 24. Nh6+ Bxh6 25. Bxh6 Ng7 26. Ng3 f6 27. Raf1 Rf7
28. d4 Rbf8 29. d5 Nce8 30. h3 Re7 31. b4 c4 32. Qd1 Rff7 33. Qd4 Re5 34. Kh2
Nh5 35. Nxh5 Rxh5 36. Bf4 g5 37. Bg3 Rh6 38. a4 Rg6 39. axb5 axb5 40. Ra1 h5
41. Rfa2 h4 42. Bf2 Re7 43. Ra8 Kh7 44. R8a7 Nc7 45. Qd1 g4 46. Bb6 Qc8 47.
hxg4 Reg7 48. R1a2 Rg5 49. Qf3 1-0

[Event "Bundesliga 9798"]
[Site "Deutschland"]
[Date "1997.??.??"]
[Round "?.2"]
[White "Jussupow, Artur"]
[Black "Roesch, Arnd"]
[Result "1/2-1/2"]
[WhiteElo "2640"]
[BlackElo "2350"]
[PlyCount "71"]
[EventDate "1997.10.??"]
[EventType "team"]
[EventRounds "15"]
[EventCountry "GER"]
[SourceTitle "Bundesliga 9798"]
[Source "DeepChess"]
[SourceDate "2005.01.01"]
[SourceVersion "1"]
[SourceVersionDate "2005.01.01"]
[SourceQuality "1"]
[WhiteTeam "SG 1868 Aljech. Solingen"]
[BlackTeam "USG Chemnitz"]
[WhiteTeamCountry "GER"]
[BlackTeamCountry "GER"]

1. d4 c5 2. dxc5 Na6 3. Nc3 Nxc5 4. e4 b6 5. Bc4 e6 6. Qe2 a6 7. a4 Ne7 8. Be3
Nc6 9. Nf3 Bb7 10. O-O Be7 11. Nd4 Qc7 12. Nb3 O-O 13. Nxc5 bxc5 14. Qd2 Rad8
15. Rfd1 Nb4 16. Bf4 d6 17. Be2 Bc6 18. f3 Qb7 19. Na2 Nxa2 20. Rxa2 d5 21. e5
c4 22. Be3 f6 23. Bd4 fxe5 24. Bxe5 Qb6+ 25. Kh1 Bf6 26. Bxf6 gxf6 27. a5 Qc7
28. b3 Bb5 29. Raa1 Kh8 30. bxc4 Bxc4 31. Bd3 Rf7 32. Qe2 Bxd3 33. cxd3 Rd6 34.
Rdc1 Rc6 35. Qe3 Kg7 36. Rxc6 1/2-1/2

[Event "Bundesliga 9798"]
[Site "Deutschland"]
[Date "1997.??.??"]
[Round "?.3"]
[White "Piket, Jeroen"]
[Black "Kunze, Carlo"]
[Result "1-0"]
[WhiteElo "2630"]
[BlackElo "2340"]
[PlyCount "81"]
[EventDate "1997.10.??"]
[EventType "team"]
[EventRounds "15"]
[EventCountry "GER"]
[SourceTitle "Bundesliga 9798"]
[Source "DeepChess"]
[SourceDate "2005.01.01"]
[SourceVersion "1"]
[SourceVersionDate "2005.01.01"]
[SourceQuality "1"]
[WhiteTeam "SG 1868 Aljech. Solingen"]
[BlackTeam "USG Chemnitz"]
[WhiteTeamCountry "GER"]
[BlackTeamCountry "GER"]

1. d4 d5 2. c4 e6 3. Nf3 Nf6 4. Nc3 Nbd7 5. cxd5 exd5 6. Bg5 Be7 7. e3 O-O 8.
Qc2 c6 9. Bd3 Re8 10. h3 Ne4 11. Bxe4 dxe4 12. Bxe7 Qxe7 13. Nd2 f5 14. Qb3+
Kh8 15. a4 Nf6 16. a5 Be6 17. Qa3 Qf7 18. Ne2 Qd7 19. b3 Nd5 20. Nc4 Qe7 21.
O-O Nb4 22. Ne5 Bd5 23. Nf4 Kg8 24. Rfc1 Rad8 25. Nxd5 Rxd5 26. a6 Rxe5 27.
dxe5 b6 28. Rd1 c5 29. Qa4 Nd3 30. Qc4+ Kh8 31. f4 Nb2 32. Qd5 Nxd1 33. Rxd1 h6
34. Qb7 Qe6 35. Qxa7 Qxb3 36. Qd7 Ra8 37. e6 Qxe3+ 38. Kh1 Qe2 39. e7 Qh5 40.
Rd5 Re8 41. Qxe8+ 1-0

[Event "Bundesliga 9798"]
[Site "Deutschland"]
[Date "1997.??.??"]
[Round "?.7"]
[White "Chandler, Murray G"]
[Black "Helbig, Uwe"]
[Result "1-0"]
[WhiteElo "2555"]
[BlackElo "2240"]
[PlyCount "89"]
[EventDate "1997.10.??"]
[EventType "team"]
[EventRounds "15"]
[EventCountry "GER"]
[SourceTitle "Bundesliga 9798"]
[Source "DeepChess"]
[SourceDate "2005.01.01"]
[SourceVersion "1"]
[SourceVersionDate "2005.01.01"]
[SourceQuality "1"]
[WhiteTeam "SG 1868 Aljech. Solingen"]
[BlackTeam "USG Chemnitz"]
[WhiteTeamCountry "GER"]
[BlackTeamCountry "GER"]

1. e4 d6 2. d4 Nf6 3. Nc3 g6 4. f4 Bg7 5. Nf3 O-O 6. Bd3 Nc6 7. O-O e5 8. fxe5
dxe5 9. d5 Nd4 10. Nxe5 Nxd5 11. exd5 Bxe5 12. Bf4 Bg7 13. Qd2 Bf5 14. Rae1 Qd7
15. Be5 Bxe5 16. Rxe5 f6 17. Ree1 Rae8 18. Bxf5 Nxf5 19. Ne4 b6 20. Qc3 Rxe4
21. Rxe4 Qxd5 22. Qb3 Qxb3 23. axb3 a5 24. Rd1 Nd6 25. Re7 Rf7 26. Rxf7 Kxf7
27. Kf2 Ke6 28. Ke3 Nf7 29. Kd4 Nd6 30. Re1+ Kd7 31. g4 f5 32. h3 fxg4 33. hxg4
h5 34. gxh5 gxh5 35. Kd5 Nf5 36. Re5 Ne7+ 37. Ke4 Nc8 38. Rxh5 Kc6 39. Kd4 Nd6
40. Rh6 Kb7 41. Kd5 Nf5 42. Re6 Ng3 43. Ke5 Nh1 44. Ke4 Nf2+ 45. Kf3 1-0

[Event "Bundesliga 9798"]
[Site "Deutschland"]
[Date "1997.??.??"]
[Round "?.8"]
[White "Ahner, Andreas"]
[Black "Bischoff, Klaus"]
[Result "0-1"]
[WhiteElo "2250"]
[BlackElo "2535"]
[PlyCount "178"]
[EventDate "1997.10.??"]
[EventType "team"]
[EventRounds "15"]
[EventCountry "GER"]
[SourceTitle "Bundesliga 9798"]
[Source "DeepChess"]
[SourceDate "2005.01.01"]
[SourceVersion "1"]
[SourceVersionDate "2005.01.01"]
[SourceQuality "1"]
[WhiteTeam "USG Chemnitz"]
[BlackTeam "SG 1868 Aljech. Solingen"]
[WhiteTeamCountry "GER"]
[BlackTeamCountry "GER"]

1. d4 Nf6 2. c4 e6 3. Nf3 b6 4. Nc3 Bb4 5. Qb3 a5 6. a3 Bxc3+ 7. Qxc3 Bb7 8. g3
O-O 9. Bg2 a4 10. O-O d6 11. Ng5 Bxg2 12. Kxg2 Nbd7 13. Nf3 h6 14. b4 axb3 15.
Bb2 Ra5 16. Nd2 Qa8+ 17. f3 e5 18. e3 Re8 19. Rfe1 e4 20. f4 d5 21. Qxb3 Qc6
22. Rac1 Qe6 23. cxd5 Nxd5 24. Nc4 Raa8 25. Nd2 N7f6 26. h3 h5 27. Qd1 Qf5 28.
Qe2 g5 29. Kh2 Kh7 30. fxg5 Qxg5 31. Rc6 Rg8 32. Qf2 Rg6 33. Rc2 Rag8 34. Nf1
R8g7 35. Bc1 Ng8 36. Qg2 f5 37. Qf2 Ngf6 38. Ree2 Rh6 39. Qg1 Ng8 40. h4 Qf6
41. Kh1 Rhg6 42. Rg2 Nh6 43. Qf2 Ng4 44. Qe2 Qd8 45. Kg1 Qd7 46. Qc4 Rg8 47.
Qb3 Ra8 48. Bd2 Rc6 49. Ra2 Kg6 50. Re2 Qe6 51. Be1 Ngf6 52. Rec2 Qd7 53. a4
Rxc2 54. Qxc2 Ng4 55. Qb3 Qd6 56. Rc2 Qd7 57. Ra2 Kf6 58. Bd2 Ke6 59. Kg2 Qc6
60. Nh2 Ngf6 61. Kf2 Ne8 62. a5 bxa5 63. Rxa5 Rxa5 64. Bxa5 Qc1 65. Nf1 Nd6 66.
Bd2 Qc6 67. Qb8 Nf6 68. Qb3+ Qc4 69. Qxc4+ Nxc4 70. Bb4 Ng4+ 71. Ke2 Kd7 72.
Bf8 Kc6 73. Be7 Kb5 74. Bg5 Kb4 75. Bf4 c6 76. Bc7 Kc3 77. Bb8 Kc2 78. Bf4 Kc3
79. Bg5 Nb6 80. Bf4 Kc2 81. Bg5 Nd5 82. Nd2 Nc3+ 83. Ke1 Kd3 84. Nb3 Nxe3 85.
Nc1+ Kxd4 86. Nb3+ Kc4 87. Na5+ Kd3 88. Nxc6 Nc2+ 89. Kf1 e3 0-1

[Event "Bundesliga 9798"]
[Site "Deutschland"]
[Date "1997.??.??"]
[Round "?.1"]
[White "Lutz, Christopher"]
[Black "Georgiev, Kiril"]
[Result "1/2-1/2"]
[WhiteElo "2590"]
[BlackElo "2670"]
[PlyCount "115"]
[EventDate "1997.10.??"]
[EventType "team"]
[EventRounds "15"]
[EventCountry "GER"]
[SourceTitle "Bundesliga 9798"]
[Source "DeepChess"]
[SourceDate "2005.01.01"]
[SourceVersion "1"]
[SourceVersionDate "2005.01.01"]
[SourceQuality "1"]
[WhiteTeam "SG Porz e.V."]
[BlackTeam "SG Bochum 31"]
[WhiteTeamCountry "GER"]
[BlackTeamCountry "GER"]

1. e4 c5 2. Nf3 d6 3. d4 cxd4 4. Nxd4 Nf6 5. Nc3 a6 6. Be2 g6 7. O-O Bg7 8. Be3
O-O 9. f4 Nbd7 10. Kh1 Re8 11. a4 b6 12. Bf3 e5 13. Nc6 Qc7 14. fxe5 Nxe5 15.
Nxe5 dxe5 16. Qe1 Be6 17. Qf2 Rab8 18. Rad1 b5 19. axb5 axb5 20. Nd5 Qb7 21.
Nxf6+ Bxf6 22. Bg4 Bg7 23. Bxe6 Rxe6 24. Bc5 Rf6 25. Qe2 Rxf1+ 26. Rxf1 Rc8 27.
Bg1 b4 28. h3 h5 29. Qd3 Qc6 30. Rf2 Bh6 31. Qb3 Qc4 32. Qxc4 Rxc4 33. Re2 b3
34. cxb3 Rb4 35. Bf2 Rxb3 36. Be1 Rd3 37. g3 Be3 38. Bc3 Bd4 39. Bxd4 Rxd4 40.
Kg2 Rb4 41. h4 Kg7 42. Kf3 Rb3+ 43. Kf2 Kf6 44. Rd2 Ke6 45. Rc2 Rb6 46. Ke3 f5
47. Rc4 Rxb2 48. Rc6+ Kf7 49. Rc7+ Kf6 50. Rc6+ Kg7 51. Rc7+ Kh6 52. exf5 gxf5
53. Rc5 Rb3+ 54. Kf2 f4 55. gxf4 exf4 56. Rf5 f3 57. Rxf3 Rxf3+ 58. Kxf3
1/2-1/2

[Event "Bundesliga 9798"]
[Site "Deutschland"]
[Date "1997.??.??"]
[Round "?.2"]
[White "Krasenkow, Michal"]
[Black "Van Wely, Loek"]
[Result "0-1"]
[WhiteElo "2645"]
[BlackElo "2655"]
[PlyCount "114"]
[EventDate "1997.10.??"]
[EventType "team"]
[EventRounds "15"]
[EventCountry "GER"]
[SourceTitle "Bundesliga 9798"]
[Source "DeepChess"]
[SourceDate "2005.01.01"]
[SourceVersion "1"]
[SourceVersionDate "2005.01.01"]
[SourceQuality "1"]
[WhiteTeam "SG Bochum 31"]
[BlackTeam "SG Porz e.V."]
[WhiteTeamCountry "GER"]
[BlackTeamCountry "GER"]

1. c4 Nf6 2. Nf3 c5 3. Nc3 e6 4. e4 Nc6 5. Be2 Qc7 6. O-O a6 7. d3 b6 8. Ne1 d6
9. f4 g6 10. f5 Bg7 11. Nc2 O-O 12. g4 Nd7 13. g5 Bxc3 14. bxc3 exf5 15. exf5
Ne7 16. f6 Nf5 17. Bf3 Bb7 18. Bxb7 Qxb7 19. Qg4 Rfe8 20. Qh3 Nf8 21. Ne3 Nxe3
22. Bxe3 h5 23. gxh6 Kh7 24. Rae1 Re6 25. Qg2 Qxg2+ 26. Kxg2 Rae8 27. Bd2 Rxe1
28. Rxe1 Rxe1 29. Bxe1 Kxh6 30. Bg3 Kg5 31. Bxd6 Nd7 32. Kf3 Kxf6 33. a4 Ke6
34. Bc7 g5 35. Kg4 Kf6 36. d4 Kg6 37. a5 bxa5 38. Bxa5 Nf6+ 39. Kf3 Kf5 40. Bb6
Nd7 41. Bc7 f6 42. Ke3 Ke6 43. Bd8 Kf5 44. Kd3 Ke6 45. Kc2 Kf7 46. Kd3 Ke8 47.
Bc7 f5 48. Ke3 Nf6 49. h3 Kd7 50. Ba5 Ne4 51. Bb6 Kc8 52. dxc5 Kb7 53. Bd8 Kc6
54. Kd4 Nxc5 55. Ke5 g4 56. h4 g3 57. Bg5 f4 0-1

[Event "Bundesliga 9798"]
[Site "Deutschland"]
[Date "1997.??.??"]
[Round "?.5"]
[White "Nijboer, Friso"]
[Black "Bosch, Jeroen"]
[Result "1/2-1/2"]
[WhiteElo "2605"]
[BlackElo "2405"]
[PlyCount "98"]
[EventDate "1997.10.??"]
[EventType "team"]
[EventRounds "15"]
[EventCountry "GER"]
[SourceTitle "Bundesliga 9798"]
[Source "DeepChess"]
[SourceDate "2005.01.01"]
[SourceVersion "1"]
[SourceVersionDate "2005.01.01"]
[SourceQuality "1"]
[WhiteTeam "SG Porz e.V."]
[BlackTeam "SG Bochum 31"]
[WhiteTeamCountry "GER"]
[BlackTeamCountry "GER"]

1. e4 c5 2. Nf3 Nc6 3. d4 cxd4 4. Nxd4 g6 5. c4 Nf6 6. Nc3 d6 7. Be2 Bg7 8. Be3
O-O 9. O-O Bd7 10. Qd2 Nxd4 11. Bxd4 Bc6 12. f3 Nd7 13. Bf2 a5 14. b3 Nc5 15.
Rab1 e6 16. Nb5 Be5 17. Nd4 Qe7 18. Bd1 Rfd8 19. a3 d5 20. exd5 exd5 21. Qe3
Bd6 22. b4 axb4 23. axb4 Qxe3 24. Bxe3 Ne6 25. Nxe6 fxe6 26. b5 Be8 27. Bb3 Bf7
28. Rfd1 Be7 29. cxd5 exd5 30. Rd3 Rac8 31. Kf1 Bc5 32. Bg5 Rd7 33. Rc1 d4 34.
b6 Bxb3 35. Rxb3 Rc6 36. Rb5 Rd5 37. Bd2 d3 38. Rb3 Kf7 39. Rcc3 Ke6 40. Rxd3
Rxd3 41. Rxd3 Rxb6 42. f4 Rd6 43. Rc3 Kd5 44. Ke2 b5 45. Rh3 Re6+ 46. Kd3 Re7
47. g4 Rf7 48. f5 gxf5 49. gxf5 Rxf5 1/2-1/2

[Event "Bundesliga 9798"]
[Site "Deutschland"]
[Date "1997.??.??"]
[Round "?.6"]
[White "Ellers, Holger"]
[Black "Stangl, Markus"]
[Result "0-1"]
[WhiteElo "2405"]
[BlackElo "2530"]
[PlyCount "80"]
[EventDate "1997.10.??"]
[EventType "team"]
[EventRounds "15"]
[EventCountry "GER"]
[SourceTitle "Bundesliga 9798"]
[Source "DeepChess"]
[SourceDate "2005.01.01"]
[SourceVersion "1"]
[SourceVersionDate "2005.01.01"]
[SourceQuality "1"]
[WhiteTeam "SG Bochum 31"]
[BlackTeam "SG Porz e.V."]
[WhiteTeamCountry "GER"]
[BlackTeamCountry "GER"]

1. d4 d5 2. c4 e6 3. Nf3 c6 4. Nc3 dxc4 5. e3 b5 6. a4 Bb4 7. Bd2 a5 8. axb5
Bxc3 9. Bxc3 cxb5 10. b3 Bb7 11. bxc4 b4 12. Bb2 Nf6 13. Bd3 O-O 14. O-O Nbd7
15. Re1 Ne4 16. Nd2 Nxd2 17. Qxd2 Qc7 18. e4 e5 19. Re3 exd4 20. Bxd4 Ne5 21.
f4 Nxd3 22. Qxd3 Qxf4 23. Rf1 Qh4 24. Bxg7 Kxg7 25. Rg3+ Kh8 26. Qd4+ f6 27.
Qd7 Qh6 28. Qxb7 Rab8 29. Qe7 b3 30. Rh3 Qg7 31. Qa3 Qa7+ 32. Kh1 Qb7 33. Qb2
a4 34. Re3 Qe7 35. c5 Qe5 36. Qa3 Qd4 37. Ree1 Qb4 38. Qxb4 Rxb4 39. e5 b2 40.
h3 a3 0-1